|
|
|
|
| LEADER |
00000cam a2200000 7i4500 |
| 001 |
0000005578 |
| 005 |
20151222.0 |
| 008 |
070808 |
| 020 |
|
|
|a 9833357199
|
| 090 |
0 |
0 |
|a JF
|b REG MAL (7026)
|
| 100 |
1 |
|
|a Wibowo,Hendra
|
| 245 |
1 |
0 |
|a Mari belajar haji
|c Hendra Wibowo
|
| 260 |
|
|
|a Selangor :
|b PTS ONE ,
|c 2006
|
| 440 |
|
0 |
|a Siri islam for kids
|
| 500 |
|
|
|a Children ages 7-9 years old (orange)
|
| 650 |
|
0 |
|a Junior fiction
|x Malay
|x Languages
|
| 650 |
|
0 |
|a Religion
|
| 999 |
|
|
|a 0000980732
|b Book
|c Children Collection
|e Cawangan Mersing
|
| 999 |
|
|
|a 0000980733
|b Book
|c Children Collection
|e Cawangan Sri Merlong
|
| 999 |
|
|
|a 0000980734
|b Book
|c Children Collection
|e Perbadanan Perpustakaan Awam Johor
|
| 999 |
|
|
|a 0000980735
|b Book
|c Children Collection
|e Perbadanan Perpustakaan Awam Johor
|
| 999 |
|
|
|a 0001144425
|b Book
|c Children Collection
|e Cawangan Bandar Penawar
|
| 999 |
|
|
|a 0001144429
|b Book
|c Children Collection
|e Cawangan Kota Tinggi
|